000 00737nam a22002297a 4500
003 URS
005 20260326151011.0
008 260318b |||||||| |||| 00| 0 eng d
020 _a9789331319234
040 _aDLC
_beng
_cDLC
_dURS
_erda
050 1 4 _aG155.A1
_bD6429 2013
100 1 _aDixit, Saurabh
245 _aTourism and hospitality management/
_cSaurabh Dixit.-
264 1 _aNew Delhi:
_bAPH Publishing Corporation,
_c2013.
300 _axv, 337 pages:
_billustrations;
_c22 cm
336 _2rdacontent
_atext
_btxt
337 _2rdamedia
_aunmediated
_bn
338 _2rdacarrier
_avolume
_bnc
650 0 _aTourism--Management
650 0 _aHospitality--Management
942 _2lcc
_cFR
_hG155.A1
_iD6429 2013
999 _c99227
_d99224